MARC details
| 000 -LEADER |
| campo de control de longitud fija |
03850cam a22005417i 4500 |
| 003 - IDENTIFICADOR DE NÚMERO DE CONTROL |
| campo de control |
BJBSDDR |
| 005 - FECHA Y HORA DE LA ÚLTIMA TRANSACCIÓN |
| campo de control |
20231114105426.0 |
| 007 - CAMPO FIJO DE DESCRIPCIÓN FÍSICA--INFORMACIÓN GENERAL |
| campo de control de longitud fija |
ta |
| 008 - DATOS DE LONGITUD FIJA--INFORMACIÓN GENERAL |
| campo de control de longitud fija |
150728s2015 snc b 001 0 eng |
| 020 ## - NÚMERO INTERNACIONAL ESTÁNDAR DEL LIBRO |
| Número Internacional Estándar del Libro |
9780889773745 (bound) |
| 020 ## - NÚMERO INTERNACIONAL ESTÁNDAR DEL LIBRO |
| Número Internacional Estándar del Libro |
0889773742 (bound) |
| 020 ## - NÚMERO INTERNACIONAL ESTÁNDAR DEL LIBRO |
| Número Internacional Estándar del Libro |
9780889773752 (paperback) |
| 020 ## - NÚMERO INTERNACIONAL ESTÁNDAR DEL LIBRO |
| Número Internacional Estándar del Libro |
0889773750 (paperback) |
| 020 ## - NÚMERO INTERNACIONAL ESTÁNDAR DEL LIBRO |
| Número Internacional Estándar del Libro |
9780889773837 (pdf) |
| 020 ## - NÚMERO INTERNACIONAL ESTÁNDAR DEL LIBRO |
| Número Internacional Estándar del Libro |
0889773831 (pdf) |
| 020 ## - NÚMERO INTERNACIONAL ESTÁNDAR DEL LIBRO |
| Número Internacional Estándar del Libro |
9780889773851 (html) |
| 020 ## - NÚMERO INTERNACIONAL ESTÁNDAR DEL LIBRO |
| Número Internacional Estándar del Libro |
0889773858 (html) |
| 035 ## - NÚMERO DE CONTROL DEL SISTEMA |
| Número de control de sistema |
(OCoLC)ocn900828315 |
| 040 ## - FUENTE DE CATALOGACIÓN |
| Centro catalogador/agencia de origen |
NLC |
| Lengua de catalogación |
eng |
| Centro/agencia transcriptor |
NLC |
| 041 ## - CÓDIGO DE IDIOMA |
| Código de lengua del texto/banda sonora o título independiente |
eng |
| 042 ## - CÓDIGO DE AUTENTICACIÓN |
| Código de autenticación |
lccopycat |
| 050 14 - SIGNATURA TOPOGRÁFICA DE LA BIBLIOTECA DEL CONGRESO |
| Número de clasificación |
P 92.5 |
| Número de ítem |
F494 2015 |
| 082 00 - NÚMERO DE LA CLASIFICACIÓN DECIMAL DEWEY |
| Número de clasificación |
302.23092 |
| 245 00 - MENCIÓN DEL TÍTULO |
| Título |
Finding McLuhan : |
| Resto del título |
the mind, the man, the message / |
| Mención de responsabilidad, etc. |
edited by Jaqueline McLeod Rogers, Tracy Whalen, Catherine G. Taylor. |
| 264 #1 - PRODUCCIÓN, PUBLICACIÓN, DISTRIBUCIÓN, FABRICACIÓN Y COPYRIGHT |
| Producción, publicación, distribución, fabricación y copyright |
Regina, Saskatchewan : |
| Nombre del de productor, editor, distribuidor, fabricante |
University of Regina Press, |
| Fecha de producción, publicación, distribución, fabricación o copyright |
2015 |
| 300 ## - DESCRIPCIÓN FÍSICA |
| Extensión |
xxx, 303 páginas ; |
| Dimensiones |
24 cm. |
| 336 ## - TIPO DE CONTENIDO |
| Término de tipo de contenido |
text |
| Código de tipo de contenido |
txt |
| Fuente |
rdacontent |
| 337 ## - TIPO DE MEDIO |
| Nombre/término del tipo de medio |
unmediated |
| Código del tipo de medio |
n |
| Fuente |
rdamedia |
| 338 ## - TIPO DE SOPORTE |
| Nombre/término del tipo de soporte |
volume |
| Código del tipo de soporte |
nc |
| Fuente |
rdacarrier |
| 504 ## - NOTA DE BIBLIOGRAFÍA, ETC. |
| Nota de bibliografía, etc. |
Incluye referencias bibliográficas e índice. |
| 505 0# - NOTA DE CONTENIDO CON FORMATO |
| Nota de contenido con formato |
Acknowledgements<br/>Introduction: Marshall Mcluhan : transformations/adaptations / Jaqueline McLeod Rogers and Tracy Whalen<br/>Section 1: Work/word/play. Teaching McLuhan / Doug Brent ; Marshall McLuhan in an age of labels : the descriptive value of antimodernism / Elizabeth Birmingham and Kevin Brooks ; Exceeding our grasp : McLuhan's all-metaphorical outlook / Yoni Van Den Ede<br/>Section 2: Image/figure/ground. Space on the edge : Marshall McLuhan's Marginalia and annotations of Sigfried Giedion and Ernst Gombrich / James F. Scott ; Selling via the "five sense sensorium" : Bertram Brooker, Marshall McLuhan, and the sensory media culture of Toronto 1921-55 / Adam Lauder ; Buffalo tracks and canoe codes : Marshall McLuhan and aboriginal media's dissident genealogy in Canada / Kathleen Buddle<br/>Section 3: Space/place/tools. McLuhan and the city / Jaqueline McLeod Rogers ; The library as place : new media and new designs for creating community / Karen Brown and Mary Pat Fallon ; The message in medical imaging media : an analysis of GE healthcare's viscan / Catherine Jenkins<br/>Section 4: Politics/sex/religion. McLuhan's politics / Allen Mills ; McLuhan's playboy<br/>Playboy's McLuhan / David Linton ; Recovering religion for the history and theory of rhetoric : lessons from Marshall McLuhan / Daivd Charles Gore and David Beard<br/>Section 5: Legacy/memory/imagination. Conducting the interviews : legacy/memory/imagination / Jaqueline McLeod Rogers ; Michael McLuhan : protecting the legacy ; Eric McLuhan : living the legacy ; Douglas Coupland: writing McLuhan<br/>Contributors<br/>Index |
| 520 ## - RESUMEN, ETC. |
| Sumario, etc. |
He was right. In 1965, Tom Wolfe famously asked of Marshall McLuhan: "Suppose he is the oracle of the modern times - what if he is right?" Fifty years later, McLuhan's biographer, his sons, and sixteen scholars explore the many ways in which McLuhan's predictions have come true. ; from back cover |
| 600 10 - PUNTO DE ACCESO ADICIONAL DE MATERIA--NOMBRE DE PERSONA |
| Nombre de persona |
McLuhan, Marshall, |
| Fechas asociadas al nombre |
1911-1980 |
| Subdivisión general |
Criticism and interpretation. |
| 600 14 - PUNTO DE ACCESO ADICIONAL DE MATERIA--NOMBRE DE PERSONA |
| Nombre de persona |
McLuhan, Marshall, |
| Fechas asociadas al nombre |
1911-1980 |
| Subdivisión general |
Critica e interpretación |
| 650 #0 - PUNTO DE ACCESO ADICIONAL DE MATERIA--TÉRMINO DE MATERIA |
| Término de materia o nombre geográfico como elemento de entrada |
Mass media criticism. |
| 650 #0 - PUNTO DE ACCESO ADICIONAL DE MATERIA--TÉRMINO DE MATERIA |
| Término de materia o nombre geográfico como elemento de entrada |
Mass media and culture. |
| 650 #4 - PUNTO DE ACCESO ADICIONAL DE MATERIA--TÉRMINO DE MATERIA |
| Término de materia o nombre geográfico como elemento de entrada |
Medios de comunicación de masas y cultura |
| 9 (RLIN) |
6007 |
| 650 #4 - PUNTO DE ACCESO ADICIONAL DE MATERIA--TÉRMINO DE MATERIA |
| Término de materia o nombre geográfico como elemento de entrada |
Medios de comunicación de masas |
| 9 (RLIN) |
31028 |
| Subdivisión general |
Teorías |
| 655 #7 - TERMINO DE INDIZACIÓN--GENERO/FORMA |
| Datos o término principal de género/forma |
Criticism, interpretation, etc. |
| Fuente del término |
fast |
| Número de control del registro de autoridad o número normalizado |
(OCoLC)fst01411635 |
| 700 1# - ENTRADA AGREGADA--NOMBRE PERSONAL |
| Nombre de persona |
Rogers, Jaqueline McLeod, |
| Fechas asociadas al nombre |
1956- |
| Término indicativo de función/relación |
editor |
| 9 (RLIN) |
31029 |
| 700 1# - ENTRADA AGREGADA--NOMBRE PERSONAL |
| Nombre de persona |
Taylor, Catherine G. |
| Término indicativo de función/relación |
editor |
| 9 (RLIN) |
31030 |
| 700 1# - ENTRADA AGREGADA--NOMBRE PERSONAL |
| Nombre de persona |
Kaufman, Michael T. |
| Forma completa/desarrollada del nombre |
(Michael Tyler), |
| Fechas asociadas al nombre |
1938-2010 |
| Término indicativo de función/relación |
editor |
| 9 (RLIN) |
31031 |
| 776 1# - ENTRADA DE FORMULARIO FÍSICO ADICIONAL |
| Título |
Finding McLuhan. |
| Número de control del registro |
(CaOONL)20159016703 |
| 906 ## - ELEMENTOS DE DATOS F LOCAL, LDF (RLIN) |
| a |
7 |
| b |
cbc |
| c |
copycat |
| d |
3 |
| e |
ncip |
| f |
20 |
| g |
y-gencatlg |
| 942 ## - ELEMENTOS DE ENTRADA SECUNDARIOS (KOHA) |
| Fuente del sistema de clasificación o colocación |
Clasificación de Library of Congress |
| Tipo de ítem Koha |
Libro |
| 946 ## - PROCESAMIENTO DE INFORMACIÓN LOCAL (OCLC) |
| Iniciales del agente catalogador |
lmm |